Úplné zdravie bez pšenice

Podrobná bibliografia
Hlavný autor: Davis, William (Autor)
Ďalší autori: Mrva, Tomáš, 1980- (Prekladateľ)
Médium: Kniha
Jazyk:slovenčina
angličtina
PhysicalDescription:397 s. grafy 21 cm
Vydavateľské údaje: [Bratislava] Premedia 2015
ISBN:9788081592423
Predmet:

MARC

LEADER 00000cam a2200000 a 4500
001 vtls010869660
003 SK-MaSNL
005 20260301093234.0
008 240318s2015 xo d g n 000 0 slo
015 |a SNBA2016/09 
020 |a 9788081592423  |q ( brož.) 
035 |a 7F1F7B62-C5DE-4E25-8C24-5A397D12F439 
035 |a urn:nbn:sk:snk-amtg0s 
035 |a urn:nbn:sk:snk-am00bjsb 
040 |a SNK  |b slo  |c SNK  |e AACR2 
041 1 |a slo  |h eng 
044 |a xo  |c SK 
072 7 |a 613  |x Hygiena. Ľudské zdravie  |2 konspekt 
080 |a 633.11  |2 2011 
080 |a 616  |2 2011 
080 |a 616-084  |2 2011 
080 |a 613  |2 2011 
080 |a (0.062)  |2 2011 
080 |a 615.874.2  |2 2001 
100 1 |a Davis, William  |4 aut  |9 304989 
240 1 0 |a Wheat Belly Total Health  |l Slovensky 
245 1 0 |a Úplné zdravie bez pšenice  |c William Davis ; [z anglického originálu preložil Tomáš Mrva] 
260 |a [Bratislava]  |b Premedia  |c 2015 
300 |a 397 s.  |b grafy  |c 21 cm 
504 |a Bibliogr. odkazy ; pozn. 
650 0 7 |a pšenica  |2 SNKPH  |9 21833 
650 0 7 |a Wheat  |2 SNKPHeng  |9 358568 
650 0 7 |a dietoterapia  |2 SNKPH  |9 22112 
650 0 7 |a Dietotherapy  |2 SNKPHeng  |9 278217 
650 0 7 |a prevencia ochorení  |2 SNKPH  |9 69501 
650 0 7 |a Prevention of diseases  |2 SNKPHeng  |9 267625 
650 0 7 |a starostlivosť o zdravie  |2 SNKPH  |9 1302 
650 0 7 |a Health care  |2 SNKPHeng  |9 266508 
655 7 |a populárno-náučné publikácie  |2 SNKPH  |9 70460 
655 7 |a Popular works  |2 SNKPHeng  |9 90287 
700 1 |a Mrva, Tomáš,  |d 1980-  |4 trl  |9 26661 
852 |a Štátna vedecká knižnica v Banskej Bystrici 
919 |a 978-80-8159-242-3 
958 |a MI 
958 |a NB 
958 |a OP 
968 |b ENG 
999 |c 676413  |d 678343 
952 |a SNK  |b SNK  |y PREZ  |7 0  |p 17A1211565  |o snkSC 171103  |i snk2016/20769  |8 0  |0 0  |1 0  |4 0  |d 2016-09-07  |f 1  |l 0  |r 2025-09-08 00:00:00  |w 2026-02-23 
952 |a SNK  |b SNKPULT  |y VYP  |7 0  |p 17A1211566  |o snkSC 171103 D1  |i snk2016/20770  |8 0  |0 0  |1 0  |4 0  |d 2016-09-07  |l 1  |m 2  |q 2026-05-11  |r 2026-02-28 18:19:26  |s 2026-02-28  |w 2026-02-23